000 01555nam0a2200373 4500
001 RU\NLR\bibl\88707
005 20260407055733.0
020 _aRU
_b98-29564
_9Книжная летопись
021 _aRU
_b98-21699
_91024
035 _a(NLR Aleph) 000086657
090 _a484637
_c484637
100 _a20000410d1998 |||y0rusy50 ca
101 0 _arus
102 _aRU
105 _ay |||||||||
200 1 _aСоциальные партнеры
_e[Сб. ст.]
_fВологод. обл. федерация профсоюзов, Вологод. науч.-координац. центр РАН
210 _aВологда
_cВологод. обл. федерация профсоюзов
_d1998
215 _a59 с.
_d22
606 0 _aСоциальное партнерство
_jСборники
_xУчастие профсоюзов
_92085825
_3RU\NLR\auth\661261948
610 0 _aСоциальное партнерство - Правовые основы
610 0 _aПрофсоюзная работа
610 0 _aТрудовые ресурсы - Использование
675 _a331.105.44(470.12)(082)
_v3
_zrus
686 _a11.15
_2rugasnti
686 _a66.72
_2rubbk
686 _aФ72(2)274-316я43
712 0 2 _4570
_aВологодская обл. федерация профсоюзов
_3RU\NLR\AUTH\8810026400
_9551008
801 0 _aRU
_bRKP
_c20000410
_gPSBO
801 1 _aRU
_bRKP
_c20000410
801 2 _aRU
_bNLR
_c20080212
_grcr
852 _aNLR
_j98-4/13277
942 _cBOOK
980 _aNB